000 00419pab a2200169 454500
008 180718b2012 xxu||||| |||| 00| 0 eng d
100 _aBudania, Rajpal
245 _aGlobalization and the emergence of human security paradigm
260 _c2012
300 _ap.127-138.
362 _aJun
650 _aGlobalization
650 _aState security
773 _aMan and Development
908 _aN
909 _a97434
999 _c97434
_d97434